Вып. 46; Технология и автоматизация машиностроения

Dettagli Bibliografici
Parent link:Технология и автоматизация машиностроения: республиканский межведомственный научно-технический сборник/ Киевский политехнический институт (КПИ). Вып. 46.— , 1966-1991
Lingua:russo
Pubblicazione: 1990
Soggetti:
Natura: MixedMaterials Libro
KOHA link:https://koha.lib.tpu.ru/cgi-bin/koha/opac-detail.pl?biblionumber=205493

MARC

LEADER 00000nam2a2200000 4500
001 205493
005 20231031190454.0
020 |a RU  |b 90-52210ж 
035 |a (RuTPU)RU\TPU\book\223962 
090 |a 205493 
100 |a 20111210d1990 k y0rusy5003 ca 
101 0 |a rus 
102 |a UA 
105 |a a z 001zy 
200 0 |a Вып. 46 
210 |d 1990 
215 |a 112 с. 
320 |a Библиография в конце статей 
461 1 |0 (RuTPU)RU\TPU\book\108853  |t Технология и автоматизация машиностроения  |o республиканский межведомственный научно-технический сборник  |f Киевский политехнический институт (КПИ)   |v Вып. 46  |d 1966-1991 
610 1 |a машиностроение 
610 1 |a технология 
610 1 |a автоматизация 
610 1 |a режимы резания 
610 1 |a детали 
610 1 |a обработка 
610 1 |a станки с ЧПУ 
610 1 |a трещиностойкость 
610 1 |a износостойкость 
610 1 |a прогнозирование 
610 1 |a сборники 
675 |a 621.002:65.011.5  |v 3 
801 0 |a RU  |b RuMRKP  |c 19950417  |g psbo 
801 1 |a RU  |b 63413507  |c 20111210 
801 2 |a RU  |b 63413507  |c 20151211  |g RCR 
942 |c BK